000 00780nam a2200241 i 4500
003 DO-SdBNP
005 20240116132443.0
007 ta
008 240116b1913 dr ||||| |||| 00| 0 spa d
040 _aDO-SdBNP
_bspa
_cBNPHU
_erda
082 4 _222
110 2 _aInstituto Profesional de Santo Domingo
_bFacultad de Medicina y Cirujia
_984773
245 1 0 _aConsideraciones sanitarias acerca de la tuberculosis :
_btesis para la licenciatura /
_cEmilio Rodríguez Oca
264 _aSanto Domingo :
_bMontalvo Hnos.,
_c1913.
300 _a44 páginas ;
_c23 cm.
336 _2rdacontent
_atexto
_btxt
337 _2rdamedia
_asin mediación
_bn
338 _2rdacarrier
_avolumen
_bnc
500 _aTesis
590 _aInventariado, 2024/BT
910 _aBtavárez
942 _2ddc
_cLF2
999 _c55694
_d55694